000 00381nam a2200133Ia 4500
008 151001s9999||||xx |||||||||||||| ||und||
100 _aमहावीरप्रसाद द्विवेदी
245 _aजल से बनो निरोगी
250 _a1
260 _bशब्दभारती
260 _c2008
300 _a24
365 _b28
999 _c990626
_d990623